000
00303nam a2200133Ia 4500
008
150301s2015 xx 000 0 und d
082
_a
615
_b
M11S
100
_a
P.R. SENGUPTA
245
_a
MEDICAL PHARMACOLOGY
260
_b
CBS- DELHI
300
_a
567
650
_a
PHARMACOLOGY
942
_2
ddc
_c
BK
_0
16
999
_c
7131
_d
7131